000 005620000a22001930004500
003 LK-CoMWRAF
005 20240216121922.0
008 230817t1966 ||||| |||| 00| 0 eng d
040 _aLK-CoMWRAF
_dLK-CoMWRAF
_eLK-CoMWRAF
041 _atam
082 _bGAZ
100 _aகஸ்ஸாலி, இமாம்
_vGazzali, Imaam
245 _aஇஸ்லாமும் இன்னிசையும்
246 _aIslamum Innisaiyum
260 _aChennai:
_c1966
300 _a119 p.
700 _aமு.முஹம்மது
_etrans.
942 _cBK
999 _c1007
_d1007